000 00818nam a2200229 a 4500
001 65080
003 BD-RjUL
005 20211209081402.0
008 170226s1969 bg |||| |||| 000 0 ben d
020 _c: Tk. 4.00
035 _a(BD-RjUL)65210
040 _aBD-RjUL
_bben
_cBD-RjUL
_dBD-RjUL
041 _aben
082 _223
_a891.441
_bSYJ 1969
100 1 _aসৈয়দ, আবদুল মান্নান
_9179871
245 1 0 _aজ্যোৎস্না-রৌদ্রের চিকিৎসা /
_cআবদুল মান্নান সৈয়দ
260 _aঢাকা :
_bধ্রুপদ ;
_c১৯৬৯ [১৩৭৬]
300 _a৮৭ পৃ. ;
_c১৯ সেমি.
650 _aবাংলা কবিতা
_9179513
650 _aBengali Poetry
_9179514
942 _2ddc
_cBK
999 _c65080
_d65080